000 00780cab a2200241 4500
001 WB2303-36
008 090401t1987 xxu||||| |||| 00| 0 eng d
035 _a(Sirsi) u2910
041 _aeng
245 _aDelay in unitised market
260 _c1987
350 _a0
490 _aFinancial Times
_v12/1/87 p30 Financial Times 16/1/87 p14(2)
520 _aDelays in settling Stock Exchange listing requirements and concern at the level of support means that trading in property income certificates is more likely to start in the middle of the year.
650 _aBARKSHIRE COMMITTEE
650 _aPINCS
650 _aRICS
650 _aSINGLE PROPERTY UNIT TRUST
650 _aUNITISATION
690 _aPROPERTY LAW AND PRACTICE
942 _n0
948 _c04/03/1997
999 _c1751
_d1751